[Event "EU-ch Hybrid U18"]
[Site "Tornelo INT"]
[Date "2021.10.15"]
[Round "7"]
[White "Fonseca, Pedro Miguel Ramos"]
[Black "Mai, Alexander Oliver"]
[Result "0-1"]
[WhiteElo "1826"]
[BlackElo "2049"]
[PlyCount "86"]
[EventDate "2021.10.15"]
[EventType "swiss"]
[EventRounds "9"]
[EventCountry "NET"]
[SourceTitle "EXT 2023"]
[Source "ChessBase"]
[SourceDate "2022.10.05"]
[SourceVersion "1"]
[SourceVersionDate "2022.10.05"]
[SourceQuality "1"]
[WhiteTeam "Portugal"]
[BlackTeam "Island"]
[WhiteTeamCountry "POR"]
[BlackTeamCountry "ISL"]

1. e4 c5 2. Nf3 d6 3. d4 cxd4 4. Nxd4 Nf6 5. Nc3 Nc6 6. Bg5 e6 7. Qd2 a6 8. 0-0-0 Bd7 9. f3 Nxd4 10. Qxd4 Be7 11. h4 Qc7 12. Qd2 b5 13. a3 Bc6 14. h5 h6 15. Bf4 Rd8 16. Bd3 Qb7 17. Ne2 e5 18. Bg3 0-0 19. Kb1 Rd7 20. Bh4 d5 21. Ng3 Bd8 22. exd5 Bxd5 23. Nf5 e4 24. Bxf6 Bxf6 25. fxe4 Be6 26. Qf4 Bxf5 27. Qxf5 Re8 28. Rdf1 Re5 29. Qg4 Rd6 30. Rf5 Qe7 31. Rhf1 Kh8 32. Qf4 Rde6 33. Qg4 Qc5 34. c3 a5 35. Rxe5 Rxe5 36. Rf5 b4 37. axb4 axb4 38. cxb4 Qd4 39. Rf3 Re8 40. Kc1 Qxb2+ 41. Kd1 Ra8 42. Bc2 Ra1+ 43. Kd2 Qc1+ 0-1

[Event "Figueira da Foz op 14th"]
[Site "Figueira da Foz"]
[Date "2020.10.29"]
[Round "7"]
[White "Fonseca, Pedro Miguel Ramos"]
[Black "Silva, Pedro Gil Ferreira"]
[Result "0-1"]
[WhiteElo "1590"]
[BlackElo "2034"]
[PlyCount "168"]
[EventDate "2020.10.24"]
[EventType "swiss"]
[EventRounds "9"]
[EventCountry "POR"]
[SourceTitle "CBM 199 Extra"]
[Source "ChessBase"]
[SourceDate "2021.01.31"]
[SourceVersion "1"]
[SourceVersionDate "2021.01.31"]
[SourceQuality "1"]

1. e4 d5 2. exd5 Qxd5 3. Nc3 Qa5 4. Bc4 Nf6 5. d4 Bg4 6. Nge2 c6 7. 0-0 e6 8. Bd2 Nbd7 9. Nd5 Qd8 10. Ndf4 Bd6 11. h3 Bf5 12. Ng3 Bxf4 13. Bxf4 Bg6 14. Re1 0-0 15. h4 Nb6 16. Bb3 h6 17. h5 Bh7 18. c3 a5 19. a4 Nbd5 20. Be5 Qe7 21. f4 Nd7 22. Bxd5 cxd5 23. f5 Rae8 24. Qg4 Nxe5 25. Rxe5 exf5 26. Nxf5 Bxf5 27. Qxf5 Qh4 28. Rxe8 Rxe8 29. Rf1 Qe7 30. Qxd5 Qc7 31. Qf3 b6 32. Qf4 Qb7 33. Rf3 Qd5 34. Qf5 Qb7 35. d5 Rd8 36. Rd3 Qe7 37. Qf3 Qe1+ 38. Qf1 Qe5 39. Qd1 Rd6 40. b4 axb4 41. cxb4 Qe4 42. Qd2 Qg4 43. a5 bxa5 44. bxa5 Qxh5 45. Qe1 Qf5 46. Qd2 Qe5 47. Qa2 Ra6 48. Rf3 Qe1+ 49. Rf1 Qxa5 50. Qc4 Rd6 51. Rd1 Qd8 52. Qe4 g6 53. Qe5 Qb6+ 54. Kh1 Qd8 55. Kg1 h5 56. g3 Qd7 57. Rb1 Qa7+ 58. Kh1 Rd8 59. Rd1 Qd7 60. Kh2 Re8 61. Qb2 Qd6 62. Kg2 Re3 63. Qf2 Ra3 64. Rd2 Qd7 65. Qe2 h4 66. Rd3 Qb5 67. Rd2 Rxg3+ 68. Kh2 Qxe2+ 69. Rxe2 Rd3 70. Re4 Rxd5 71. Rxh4 Rh5 72. Rxh5 gxh5 73. Kg3 Kg7 74. Kf3 Kg6 75. Kf4 f5 76. Kf3 Kg5 77. Kg3 f4+ 78. Kh3 h4 79. Kh2 Kg4 80. Kg2 f3+ 81. Kh2 Kf4 82. Kg1 Ke3 83. Kh1 f2 84. Kh2 h3 0-1

[Event "Figueira da Foz op 14th"]
[Site "Figueira da Foz"]
[Date "2020.10.25"]
[Round "3"]
[White "Santos, Antonio Pereira"]
[Black "Fonseca, Pedro Miguel Ramos"]
[Result "1-0"]
[WhiteElo "2123"]
[BlackElo "1590"]
[PlyCount "107"]
[EventDate "2020.10.24"]
[EventType "swiss"]
[EventRounds "9"]
[EventCountry "POR"]
[SourceTitle "CBM 199 Extra"]
[Source "ChessBase"]
[SourceDate "2021.01.31"]
[SourceVersion "1"]
[SourceVersionDate "2021.01.31"]
[SourceQuality "1"]

1. d4 Nf6 2. c4 e6 3. g3 d5 4. Bg2 Be7 5. Nf3 0-0 6. 0-0 dxc4 7. Qc2 a6 8. Qxc4 b5 9. Qc2 Bb7 10. Bd2 Nbd7 11. Ba5 Rc8 12. Nbd2 Qe8 13. b4 Nd5 14. a3 Bd8 15. e4 Ne7 16. Nb3 e5 17. Nxe5 Nxe5 18. dxe5 Nc6 19. f4 Nxa5 20. Nxa5 Ba8 21. Nb3 a5 22. Rfd1 axb4 23. axb4 Be7 24. Nc5 Qc6 25. Rd5 Qb6 26. Rd7 Rfe8 27. h4 Bc6 28. Rdd1 Rcd8 29. Kh2 Bxc5 30. Qxc5 Qxc5 31. bxc5 Kf8 32. Rd5 Ra8 33. Rad1 Ra2 34. Kh3 Rc2 35. R1d2 Rc4 36. R5d4 Rxc5 37. h5 f6 38. exf6 Rxh5+ 39. Kg4 Rh6 40. fxg7+ Kxg7 41. f5 Rf6 42. Kf4 Rf7 43. g4 Bb7 44. Rb4 Ba6 45. Rc2 Rd7 46. e5 Rd2 47. f6+ Kf8 48. Be4 h6 49. e6 Red8 50. Bf5 Bc8 51. Re4 R2d6 52. Rxc7 Bxe6 53. Bxe6 Rxe6 54. Rxe6 1-0

[Event "Pombal op 11th"]
[Site "Pombal"]
[Date "2020.10.05"]
[Round "6"]
[White "Correia, Mario Rui Costa"]
[Black "Fonseca, Pedro Miguel Ramos"]
[Result "1/2-1/2"]
[WhiteElo "2085"]
[BlackElo "1590"]
[PlyCount "127"]
[EventDate "2020.10.02"]
[EventType "swiss"]
[EventRounds "7"]
[EventCountry "POR"]
[SourceTitle "CBM 198 Extra"]
[Source "ChessBase"]
[SourceDate "2020.11.30"]
[SourceVersion "1"]
[SourceVersionDate "2020.11.30"]
[SourceQuality "1"]

1. e4 c5 2. Nf3 d6 3. Bb5+ Nd7 4. d4 cxd4 5. Qxd4 e5 6. Qd3 a6 7. Bxd7+ Bxd7 8. 0-0 Nf6 9. c4 Be7 10. Nc3 Rc8 11. a4 Be6 12. b3 Nd7 13. Ba3 Nc5 14. Bxc5 Rxc5 15. h3 g6 16. Rfd1 f5 17. Qe3 Qc8 18. Ne1 f4 19. Qe2 0-0 20. Nd5 Bxd5 21. Rxd5 Rxd5 22. cxd5 Qc3 23. Rb1 h5 24. Qd3 Rc8 25. Qxc3 Rxc3 26. Kf1 Bd8 27. Ke2 Bb6 28. Kd2 Rc8 29. Nd3 Kf7 30. Rc1 Rxc1 31. Kxc1 Kf6 32. Kd1 f3 33. gxf3 Kg5 34. Ke2 Kh4 35. f4 exf4 36. Nxf4 g5 37. Ng6+ Kxh3 38. e5 dxe5 39. Nxe5 Kg2 40. Nf3 Bxf2 41. Nxg5 Bc5 42. Nf3 Kg3 43. Ng5 Be7 44. Ne4+ Kg2 45. d6 Bd8 46. Nc5 h4 47. Ne6 h3 48. Nf4+ Kg3 49. Nxh3 Kxh3 50. Kf3 Kh4 51. Kf4 Kh5 52. Kf5 Kh6 53. Ke6 Kg7 54. Kd7 Ba5 55. Ke8 Kf6 56. d7 Ke6 57. b4 Bc7 58. d8Q Bxd8 59. Kxd8 Kd6 60. Kc8 Kc6 61. b5+ Kb6 62. Kb8 axb5 63. axb5 Kxb5 64. Kxb7 1/2-1/2

[Event "Guimaraes 2nd"]
[Site "Guimaraes"]
[Date "2018.10.04"]
[Round "1"]
[White "Fonseca, Pedro Miguel Ramos"]
[Black "Martin Duque, Jesus"]
[Result "0-1"]
[WhiteElo "1437"]
[BlackElo "2354"]
[PlyCount "48"]
[EventDate "2018.10.04"]
[EventType "swiss"]
[EventRounds "7"]
[EventCountry "POR"]
[SourceTitle "CBM 186 Extra"]
[Source "ChessBase"]
[SourceDate "2018.08.24"]
[SourceVersion "1"]
[SourceVersionDate "2018.08.24"]
[SourceQuality "1"]

1. e4 c5 2. Nf3 e6 3. c3 Nf6 4. e5 Nd5 5. d4 cxd4 6. cxd4 b6 7. Nc3 Nxc3 8. bxc3 Bb7 9. c4 Bxf3 10. gxf3 Nc6 11. a3 Rc8 12. Be3 Qc7 13. Qd3 Ne7 14. Bd2 Nf5 15. Bb4 Bc5 16. Bc3 Be7 17. Bb2 0-0 18. Rc1 f6 19. f4 fxe5 20. fxe5 Nh4 21. a4 Qc6 22. d5 Qc5 23. Bd4 Qxd4 24. Qxd4 Nf3+ 0-1

[Event "POR-ch U14"]
[Site "Luso"]
[Date "2018.03.27"]
[Round "5"]
[White "Fonseca, Pedro Miguel Ramos"]
[Black "Borges, Rafael Peres"]
[Result "1-0"]
[WhiteElo "1323"]
[BlackElo "1351"]
[PlyCount "137"]
[EventDate "2018.03.24"]
[EventType "swiss"]
[EventRounds "7"]
[EventCountry "POR"]
[SourceTitle "EXT 2019"]
[Source "ChessBase"]
[SourceDate "2018.10.10"]
[SourceVersion "1"]
[SourceVersionDate "2018.10.10"]
[SourceQuality "1"]

1. e4 c5 2. Nc3 e6 3. g3 d5 4. exd5 exd5 5. d3 Nf6 6. Bg2 Be6 7. Bg5 Be7 8. Qf3 Bg4 9. Qf4 Bd6 10. Bxf6 Bxf4 11. Bxd8 Bxg3 12. fxg3 Kxd8 13. Bxd5 Re8+ 14. Kf1 Re7 15. Ne4 Nc6 16. Bxc6 bxc6 17. Re1 Kc7 18. h3 Bh5 19. g4 Bg6 20. Nxc5 Rae8 21. Rxe7+ Rxe7 22. Nf3 h5 23. Nh4 Bh7 24. Rg1 Re5 25. d4 Rd5 26. c3 hxg4 27. Rxg4 Rh5 28. Ng2 Rxh3 29. Rxg7 Bg6 30. Ne6+ Kd6 31. Nef4 Rh1+ 32. Kf2 Rb1 33. Nxg6 Rxb2+ 34. Kf3 fxg6 35. Rxa7 g5 36. Ne3 Rb8 37. Rg7 Rf8+ 38. Kg4 Rf4+ 39. Kg3 Rf8 40. Rxg5 Ra8 41. Nc4+ Ke7 42. Re5+ Kd8 43. a3 Ra4 44. Rc5 Kc7 45. Ne5 Kb7 46. Rxc6 Rxa3 47. Kf4 Ra1 48. d5 Re1 49. Nd3 Re7 50. Nc5+ Ka7 51. Ra6+ Kb8 52. d6 Rf7+ 53. Ke5 Rh7 54. d7 Rh8 55. Ne6 Kb7 56. d8Q Rxd8 57. Nxd8+ Kxa6 58. c4 Ka7 59. Kd6 Kb8 60. c5 Ka7 61. c6 Kb8 62. c7+ Kc8 63. Nf7 Kb7 64. Kd7 Ka7 65. c8Q Kb6 66. Qc6+ Ka7 67. Qb5 Ka8 68. Kc7 Ka7 69. Qb7# 1-0

[Event "POR-ch U14"]
[Site "Luso"]
[Date "2018.03.25"]
[Round "3"]
[White "Fonseca, Pedro Miguel Ramos"]
[Black "Colaco, Lia Carmo"]
[Result "1-0"]
[WhiteElo "1323"]
[BlackElo "1091"]
[PlyCount "131"]
[EventDate "2018.03.24"]
[EventType "swiss"]
[EventRounds "7"]
[EventCountry "POR"]
[SourceTitle "EXT 2019"]
[Source "ChessBase"]
[SourceDate "2018.10.10"]
[SourceVersion "1"]
[SourceVersionDate "2018.10.10"]
[SourceQuality "1"]

1. e4 c5 2. Nc3 e6 3. g3 d6 4. Bg2 Nc6 5. d3 Be7 6. f4 Nf6 7. e5 dxe5 8. Bxc6+ bxc6 9. fxe5 Nd5 10. Bd2 0-0 11. Qg4 Re8 12. 0-0-0 f6 13. exf6 Bxf6 14. Ne4 e5 15. Nxf6+ Qxf6 16. Qf3 Bf5 17. g4 Be6 18. h3 Rf8 19. Qxf6 Rxf6 20. Re1 Raf8 21. Rh2 Rf1 22. Rhe2 Rxe1+ 23. Rxe1 Nb4 24. a3 Na6 25. Rxe5 Nc7 26. b3 Bd5 27. Ne2 Rf1+ 28. Kb2 Rf2 29. Ba5 Na6 30. Nc3 Rh2 31. Nxd5 cxd5 32. Re6 Nb8 33. Re8+ Kf7 34. Rxb8 Rxh3 35. Rb7+ Kg6 36. Rxa7 h5 37. gxh5+ Rxh5 38. Bc3 d4 39. Ba5 Kh6 40. Ra8 Kh7 41. Ra7 Kh6 42. Bd2+ Kg6 43. Ra6+ Kh7 44. Ra5 Rf5 45. b4 g5 46. Rxc5 Kg6 47. Rxf5 Kxf5 48. Bxg5 Kxg5 49. Kb3 Kf5 50. Kc4 Ke5 51. b5 Kd6 52. Kxd4 Kc7 53. a4 Kb6 54. c4 Kc7 55. a5 Kb7 56. c5 Kc7 57. b6+ Kb7 58. Kd5 Kc8 59. c6 Kb8 60. a6 Ka8 61. b7+ Kb8 62. Kd6 Ka7 63. c7 Kxa6 64. b8Q Ka5 65. Kc5 Ka4 66. Qb4# 1-0

[Event "POR-ch U14"]
[Site "Luso"]
[Date "2018.03.25"]
[Round "2"]
[White "Sismeiro, Miguel"]
[Black "Fonseca, Pedro Miguel Ramos"]
[Result "1-0"]
[WhiteElo "1686"]
[BlackElo "1323"]
[PlyCount "83"]
[EventDate "2018.03.24"]
[EventType "swiss"]
[EventRounds "7"]
[EventCountry "POR"]
[SourceTitle "EXT 2019"]
[Source "ChessBase"]
[SourceDate "2018.10.10"]
[SourceVersion "1"]
[SourceVersionDate "2018.10.10"]
[SourceQuality "1"]

1. e4 g6 2. d4 Bg7 3. Nf3 d6 4. Nc3 Nf6 5. Be2 0-0 6. 0-0 c5 7. h3 a6 8. a4 Nfd7 9. Be3 cxd4 10. Nxd4 Nc6 11. Qd2 Qc7 12. Nd5 Qd8 13. f4 e6 14. Nc3 Bxd4 15. Bxd4 Nxd4 16. Qxd4 Qb6 17. Qxb6 Nxb6 18. Rfd1 d5 19. exd5 Nxd5 20. Nxd5 exd5 21. Rxd5 Be6 22. Rd6 Rfe8 23. Bf3 Rab8 24. Rb6 Re7 25. Rd1 Bf5 26. Rd2 Be4 27. Re2 Rbe8 28. Kf2 Bxf3 29. Rxe7 Rxe7 30. Kxf3 Kf8 31. Rb4 Ke8 32. Re4 f5 33. Rxe7+ Kxe7 34. Ke3 Ke6 35. Kd4 Kd6 36. a5 h6 37. c4 g5 38. fxg5 hxg5 39. b4 f4 40. b5 Ke6 41. bxa6 bxa6 42. c5 1-0

[Event "POR-ch U14"]
[Site "Luso"]
[Date "2017.04.10"]
[Round "5"]
[White "Fonseca, Pedro Miguel Ramos"]
[Black "Encarnacao, Filipe Alexandre D"]
[Result "0-1"]
[WhiteElo "1201"]
[BlackElo "1359"]
[PlyCount "88"]
[EventDate "2017.04.08"]
[EventType "swiss"]
[EventRounds "8"]
[EventCountry "POR"]
[SourceTitle "EXT 2018"]
[Source "ChessBase"]
[SourceDate "2017.10.13"]
[SourceVersion "1"]
[SourceVersionDate "2017.10.13"]
[SourceQuality "1"]

1. e4 e5 2. Nf3 Nc6 3. Bb5 a6 4. Ba4 Nf6 5. 0-0 Be7 6. Re1 b5 7. Bb3 0-0 8. c3 Na5 9. Bc2 c5 10. Nxe5 Bb7 11. d4 d5 12. Nd2 Re8 13. b4 cxb4 14. cxb4 Bxb4 15. Re3 Nc4 16. Ndxc4 dxc4 17. a3 Bd6 18. Bb2 Qc7 19. Qe2 Rac8 20. g3 Nd7 21. Nxd7 Qxd7 22. e5 Bc7 23. Be4 Bxe4 24. Rxe4 Qd5 25. Re1 Ba5 26. Rc1 Bd2 27. Rc2 c3 28. Bc1 Bxc1 29. Rxc1 Re6 30. Qd3 Rec6 31. Re2 a5 32. Qe4 Qxe4 33. Rxe4 b4 34. d5 Rc4 35. Rxc4 Rxc4 36. axb4 axb4 37. Ra1 Kf8 38. d6 Ke8 39. Ra8+ Kd7 40. Ra7+ Kd8 41. Ra8+ Rc8 42. Ra1 c2 43. Rc1 b3 44. f4 b2 0-1